| 000 | 01849cam a22005534i 4500 | ||
|---|---|---|---|
| 003 | PE-LiUPU | ||
| 005 | 20250731165506.0 | ||
| 008 | 150623s r 000 0 d | ||
| 020 | _a1565633571 | ||
| 035 | _a(Sirsi) i9781565633575 | ||
| 040 |
_aPE-LiUPU _bspa _cPE-LiUPU _erda |
||
| 049 | _aPRUA | ||
| 082 | 0 | 4 |
_a270.1 _bD23 _221 |
| 245 | 0 | 2 |
_aA dictionary of early Christian beliefs : _ba reference guide to more than 700 topics discussed by the Early Church Fathers / _cDavid Bercot, editor. |
| 264 | 1 |
_aPeabody, Massachusetts : _bHendrickson Publishers, _c1998. |
|
| 300 |
_a704 páginas ; _c24 centímetros |
||
| 336 |
_atext _2rdacontent |
||
| 337 |
_aunmediated _2rdamedia |
||
| 338 |
_avolume _2rdacarrier |
||
| 504 | _aIncluye bibliografía. | ||
| 505 | 0 | _aA dictionary of early Christian beliefs. | |
| 526 | _aSEG44 | ||
| 526 | _aSEG26 | ||
| 526 | _aP151 | ||
| 526 | _aP150 | ||
| 526 | _aP149 | ||
| 526 | _aP146 | ||
| 526 | _aP145 | ||
| 526 | _aP126 | ||
| 526 | _aP125 | ||
| 526 | _aP92 | ||
| 526 | _aP75 | ||
| 526 | _aP74 | ||
| 526 | _aP27 | ||
| 526 | _aP15 | ||
| 650 | 1 | 4 |
_aCristianismo _vDiccionarios. |
| 650 | 2 | 4 | _aLiteratura cristiana primitiva. |
| 650 | 2 | 4 |
_aPadres de la Iglesia _vCitas. |
| 650 | 2 | 4 |
_aPadres de la Iglesia _vDiccionarios. |
| 650 | 2 | 4 |
_aTeología _vCitas, máximas, etc. |
| 650 | 1 | 4 |
_aTeología _vDiccionarios. _94655 |
| 700 | 1 |
_aBercot, David W., _eed. |
|
| 942 |
_2ddc _cBOOK |
||
| 949 |
_aRC 270.1 D23 _wDEWEY _c1 _i47403 _lCCODEBUL1 _mBUL _r0 _sY _tBOOK _u2015-6-24 _xTEOLOGIA _PP35 _0COMPRA _o.STAFF. Colección General |
||
| 994 |
_aC0 _bPEPRU |
||
| 596 | _a1 | ||
| 999 |
_aRC 270.1 D23 _wDEWEY _c23958 _i47403 _f2021-11-8 _g6 _lCCODEBUL1 _mBUL _r1 _sY _tBOOK _u2015-6-24 _xTEOLOGIA _PP35 _0COMPRA _o.STAFF. Colección General _d23958 |
||
| 980 |
_81 _gALBERTO SANCHEZ Responsable de Automatización |
||